00405 2200157 4500001002100000005001500021035002000036245006400056100001200120300002500132260003400157082000800191084001400199020002200213990001200235INLIS00000000000181220250506112834 a0010-05250001041 aTeknologi Tepat Guna :bAneka Olahan Daging Sapi /cPurwati0 aPurwati a68 hlm ;c14 x 21 cm aJakarta :bWahyu Media,c2012 a600 a600 PUR t a978-979-795-486-4 a0754745